| 000 | 00749nam a2200193 a 4500 | ||
|---|---|---|---|
| 005 | 20140412111230.0 | ||
| 008 | 020409s19uu xx 00 eng d | ||
| 020 | _a0-8050-1168-4 | ||
| 050 |
_aTR(PS E _bHe42 1987 |
||
| 100 | _aMartin, Bill, 1916- | ||
| 245 |
_aHere are my hands / _cby Bill Martin Jr. and John Archambault; illustrated by Ted Rand. |
||
| 260 |
_aNew York : _bHenry Holt and Company, _c1985. |
||
| 300 | _a1 v. (unp.) ; ill. | ||
| 440 | _aAn Owlet Book | ||
| 520 | _aThe owner of a human body celebrates it by pointing out various parts and mentioning their functions, from "hand for catching and throwing" to the "skin thta bundles me in." | ||
| 650 |
_aBody, Human _xFiction |
||
| 650 | _aStories in rhyme | ||
| 999 |
_c102166 _d102166 |
||